Normal view
MARC view
Entry Topical Term
001 - CONTROL NUMBER
- control field: 11605
003 - CONTROL NUMBER IDENTIFIER
- control field: BD-RjUL
005 - DATE AND TIME OF LATEST TRANSACTION
- control field: 20240211102217.0
008 - FIXED-LENGTH DATA ELEMENTS
- fixed length control field: 240211|| aca||aabn | a|a d
040 ## - CATALOGING SOURCE
- Original cataloging agency: BD-RjUL
- Transcribing agency: BD-RjUL
150 ## - HEADING--TOPICAL TERM
- Topical term or geographic name entry element: Isle of Wight (England) Fiction
670 ## - SOURCE DATA FOUND
- Source citation: Work cat.: (BD-RjUL)83031: Lawrence, D. H. (David Herbert), 1885-1930 11578, The trespasser /, 1955